Comparisons of the standards of length of England, France, Belgium, Prussia, Russia, India, Australia (Record no. 89)
[ view plain ]
| 000 -LEADER | |
|---|---|
| fixed length control field | 00589nam a2200169Ia 4500 |
| 003 - CONTROL NUMBER IDENTIFIER | |
| control field | IN-BaIIA |
| 005 - DATE AND TIME OF LATEST TRANSACTION | |
| control field | 20250704113217.0 |
| 008 - FIXED-LENGTH DATA ELEMENTS--GENERAL INFORMATION | |
| fixed length control field | 211028s9999 xx 000 0 eng d |
| 040 ## - CATALOGING SOURCE | |
| Transcribing agency | IIA Library |
| 080 ## - UNIVERSAL DECIMAL CLASSIFICATION NUMBER | |
| Universal Decimal Classification number | 528.73 |
| Item number | CLA |
| 100 ## - MAIN ENTRY--PERSONAL NAME | |
| Personal name | Clarke, A. R. |
| 9 (RLIN) | 136 |
| 245 #0 - TITLE STATEMENT | |
| Title | Comparisons of the standards of length of England, France, Belgium, Prussia, Russia, India, Australia |
| Remainder of title | made at the ordnance survey office, Southampton |
| Statement of responsibility, etc. | A. R. Clarke |
| 260 ## - PUBLICATION, DISTRIBUTION, ETC. | |
| Place of publication, distribution, etc. | London |
| Name of publisher, distributor, etc. | Order of the Secretary of State for War |
| Date of publication, distribution, etc. | 1866 |
| 300 ## - PHYSICAL DESCRIPTION | |
| Extent | 287p. |
| 650 ## - SUBJECT ADDED ENTRY--TOPICAL TERM | |
| Topical term or geographic name entry element | Survey report |
| 9 (RLIN) | 137 |
| 942 ## - ADDED ENTRY ELEMENTS (KOHA) | |
| Koha item type | Books |
| Source of classification or shelving scheme | Dewey Decimal Classification |
| Withdrawn status | Lost status | Source of classification or shelving scheme | Damaged status | Not for loan | Home library | Current library | Shelving location | Date acquired | Total Checkouts | Full call number | Barcode | Date last seen | Price effective from | Koha item type | Purchase Price |
|---|---|---|---|---|---|---|---|---|---|---|---|---|---|---|---|
| Dewey Decimal Classification | IIA Library-Bangalore | IIA Library-Kodaikanal | General Stacks | 528.73/ CLA | 41 | 05/11/2021 | Books |